LEADER 01613nam a2200325 u 4500 001 000000010876 003 CaOOAMICUS 005 20070226105350.0 008 940516s1978 us u000 u eng u 020 $a0-915170-06-X 035 $a10269732 040 $aPUL$bita 100 1 $aBraverman, Jay.$0(OLS)http://pul/name/10607 245 10$aJerome's "Commentary on Daniel" :$ba study of comparative Jewish and Christian interpretations of the Hebrew Bible /$cby Jay Braverman. 260 $aWashington, D.C. :$bThe Catholic Biblical Association of America,$c1978. 300 $axvi, 172 p. ;$c23 cm 490 1 $aThe Catholic Biblical Quarterly : monograph series ;$vv. 7 500 $aComprende indici. 504 $aBibliografia: p. 137-146. 600 04$aHieronymus,$cs.,$d342/347-419.$0(OLS)http://pul/subject/3532 630 04$aBiblia.$pV.T.$pDaniel$xCritica e interpretazione.$0(OLS)http://pul/subject/5234 830 4$aThe Catholic Biblical Quarterly : monograph series ;$vv. 7.$0(OLS)http://pul/title/15831 850 $aPUL 852 $aPUL$W1$xSL Religione 1$y3$m9 N 7$j15414$nBK-PRI$b $qStampati$B15414$CPULBib$Z2$F15414 $H $81 941 1 $a8 960 $aGirolamo,$cs.,$d342/347-419$93532 961 $aINV: 58063 996 $6020$a0-915170-06-X$9(OLS)http://pul/number/13936 996 $6245$aJerome's "Commentary on Daniel" :$ba study of comparative Jewish and Christian interpretations of the Hebrew Bible$9(OLS)http://pul/title/15830 996 $6260$aWashington, D.C. :$bThe Catholic Biblical Association of America$9(OLS)http://pul/publisher/53057 LEADER 01174nam a2200289 u 4500 001 000000046658 003 CaOOAMICUS 005 20070226114810.0 008 990716s1981 mou u000 u eng u 020 $a0935372083 035 $a10829952 040 $aPUL(R)$bita 245 00$aMoral responsibility in prolonging life decisions /$cedited by Donald G. MCCarthy and Albert S. Moraczewski. 260 $aSt. Louis :$bPope John Center,$c[1981] 300 $a316 p. ;$c23 cm 500 $aInclude indici. 504 $aBibliografia selezionata p. 308. 650 4$aBioetica.$0(OLS)http://pul/subject/2868 700 1 $aMoraczewski, Albert.$0(OLS)http://pul/name/33937 700 1 $aMcCarthy, Donald G.$0(OLS)http://pul/name/33904 850 $aPUL 852 $aPUL$W1$xSL Religione 1$y3$m39 B 115$j62489$nBK-PRI$b $qStampati$B62489$CPULBib$Z2$F62489 $H $81 941 1 $a8 961 $aINV: 64496 996 $6020$a0935372083$9(OLS)http://pul/number/58174 996 $6245$aMoral responsibility in prolonging life decisions$9(OLS)http://pul/title/62812 996 $6260$aSt. Louis :$bPope John Center$9(OLS)http://pul/publisher/66552